000 00331nam a2200133Ia 4500
008 100328s9999 xx 000 0 und d
082 _b71064
100 _aDarcy Emma.
245 _aThe Secret Baby Revenge
260 _bMills & Boon.
630 _aThe Secret Baby Revenge
730 _aThe Secret Baby Revenge
942 _cBOOK
999 _c556788
_d556785